| 000 | 00771nam a2200229Ia 4500 | ||
|---|---|---|---|
| 001 | 5345 | ||
| 003 | GE_BSU | ||
| 008 | 181216s||||||||xx |||||||||||||| ||und|| | ||
| 040 | _cGE_BSU | ||
| 080 | _a517(075.8)+512.64(075.8) | ||
| 100 | _aГлаголев А.А. Солнцева Т.В. | ||
| 245 | _aКурс высшей математики. | ||
| 245 | _bИзд. 2-Е, перер. и доп. Учеб. пособие для студ. экономических специальн. вузов | ||
| 260 | _aМосква | ||
| 260 | _bВысшая школа | ||
| 260 | _c1971 | ||
| 300 | _a656 с. 22 см. | ||
| 653 | _aКурс высшей математики. | ||
| 653 | _aМатематика | ||
| 653 | _aმათემატიკა | ||
| 942 | _cBK | ||
| 999 |
_c38922 _d38922 |
||